[Event "TCh-BEL 2005-6"]
[Site "Belgium BEL"]
[Date "2006.03.12"]
[Round "10"]
[White "De Haan,E"]
[Black "Marechal,A"]
[Result "0-1"]
[WhiteElo "2294"]
[BlackElo "2292"]

1.d4 d5 2.c4 c6 3.Nf3 Nf6 4.Nc3 dxc4 5.a4 Bf5 6.e3 e6 7.Bxc4 Bb4 8.O-O O-O
9.Qe2 Bg6 10.Ne5 Nbd7 11.Nxg6 hxg6 12.Rd1 Qa5 13.Na2 Qxa4 14.e4 Rfe8 15.Bg5 Qa5
16.e5 Nd5 17.h4 Be7 18.Bxe7 Rxe7 19.h5 gxh5 20.Bxd5 exd5 21.Qxh5 Re6 22.Rd3 Qd8
23.Rg3 Nf8 24.Nc1 Qb6 25.Ne2 Qxb2 26.Raa3 Qb1+ 27.Kh2 Qh7 28.Qxh7+ Kxh7 29.f4 a5
30.f5 Rh6+ 31.Kg1 b5 32.Rg5 a4 33.Nf4 b4 34.Rag3 g6 35.e6 fxe6 36.fxg6+ Kg8
37.g7 Nh7 38.Re5 a3 39.Re1 Rf6 40.Nh5 Rf5 41.Rh3 Rxh5 42.Rxh5 a2  0-1

[Event "XXII Open"]
[Site "Reykjavik ISL"]
[Date "2006.03.12"]
[Round "7"]
[White "Thorfinnsson,Bj"]
[Black "Gretarsson,Hj"]
[Result "1-0"]
[WhiteElo "2337"]
[BlackElo "2046"]

1.d4 d5 2.c4 c6 3.Nf3 Nf6 4.Nc3 dxc4 5.a4 Bf5 6.Ne5 Nbd7 7.Nxc4 e6 8.f3 Bb4
9.e4 Bg6 10.Bg5 Qc7 11.Bh4 Nb6 12.Bg3 Qe7 13.Ne3 a5 14.Qb3 O-O 15.O-O-O Rfc8
16.Bf2 Nbd7 17.Nc2 Rab8 18.Na2 b5 19.axb5 cxb5 20.Nxb4 axb4 21.Bd3 Nb6 22.Be1 Nh5
23.g3 Qf6 24.f4 Nc4 25.Kb1 h6 26.Bxb4 Qd8 27.Rhe1 Nf6 28.h3 Ra8 29.d5 exd5
30.f5 Bh7 31.exd5 Qd7 32.g4 Qa7 33.d6 Nd5 34.Ba3 Nce3 35.Nxe3 Nxe3 36.Rc1 b4
37.Qxb4 Kh8 38.Rxc8+ Rxc8 39.d7 Rb8 40.Rxe3 Rxb4 41.d8=Q+  1-0

[Event "XXII Open"]
[Site "Reykjavik ISL"]
[Date "2006.03.12"]
[Round "7"]
[White "Johansson,V"]
[Black "Halldorsson,J"]
[Result "1/2-1/2"]
[WhiteElo "2222"]
[BlackElo "2145"]

1.d4 d5 2.c4 c6 3.Nf3 Nf6 4.Nc3 dxc4 5.a4 Bf5 6.e3 e6 7.Bxc4 Bb4 8.O-O O-O
9.Qe2 Bg6 10.Ne5 Nbd7 11.Nxg6 hxg6 12.e4 Nb6 13.e5 Qxd4 14.Bxe6 Rfe8 15.Rd1 Qc5
16.exf6 Rxe6 17.Be3 Qa5 18.fxg7 Bxc3 19.bxc3 Nd5 20.Qg4 Nxe3 21.Qh4 Kxg7
22.Qd4+ Kg8 23.fxe3 Rae8 24.Rd3 c5 25.Qf4 Re4 26.Qf6 Qc7 27.Rad1 Qe7 28.Qf3 Rxe3
29.Rxe3 Qxe3+ 30.Qxe3 Rxe3 31.Rd7 b6 32.Rxa7 Rxc3 33.Rb7 Ra3 34.Rxb6 Rxa4
35.Rc6 Ra5 36.Kf2 Kf8 37.h4 Ra2+ 38.Kf3 Rc2 39.g4 Rc4 40.h5 gxh5 41.gxh5 Kg7
42.h6+ Kh7 43.Rf6 Rc1  1/2-1/2

[Event "66th ch-ARM"]
[Site "Yerevan ARM"]
[Date "2006.03.18"]
[Round "3"]
[White "Kotanjian,T"]
[Black "Anastasian,A"]
[Result "1/2-1/2"]
[WhiteElo "2471"]
[BlackElo "2602"]

1.d4 d5 2.c4 c6 3.Nc3 Nf6 4.Nf3 dxc4 5.a4 Bf5 6.Ne5 Nbd7 7.Nxc4 Nb6 8.Ne5 a5
9.f3 Nfd7 10.e4 Nxe5 11.exf5 Ned7 12.d5 g6 13.dxc6 bxc6 14.Qd4 Nf6 15.Be3 Nbd5
16.Nxd5 Qxd5 17.Bc4 Qxd4 18.Bxd4 gxf5 19.Bxf6 exf6 20.O-O-O Bb4 21.f4 Ke7
22.Rd3 Rad8 23.Re3+ Kf8 24.Rd1 Rxd1+ 25.Kxd1 Rg8 26.g3 Kg7 27.Rd3  1/2-1/2

[Event "Sozina Open"]
[Site "Bar SCG"]
[Date "2006.03.23"]
[Round "6"]
[White "Ristic,Neb2"]
[Black "Raicevic,M"]
[Result "0-1"]
[WhiteElo "2266"]
[BlackElo "2348"]

1.d4 d5 2.c4 c6 3.Nf3 Nf6 4.Nc3 dxc4 5.a4 Bf5 6.Ne5 Nbd7 7.Nxc4 Qc7 8.g3 e5
9.dxe5 Nxe5 10.Bf4 Nfd7 11.Bg2 g5 12.Bxe5 Nxe5 13.Nxe5 Qxe5 14.O-O Bb4 15.e4 Be6
16.f4 gxf4 17.gxf4 Qg7 18.f5 Bc4 19.Rf3 Rd8 20.Qe1 Qd4+ 21.Kh1 Qd2 22.Qg1 Rg8
23.Rf2 Qg5 24.Rc2 Bd3 25.Rcc1 Bc5 26.h4 Qxh4+ 27.Qh2 Qxh2+ 28.Kxh2 Rd6 29.Bh3 Rh6
30.Re1 Bf2 31.Red1 Rg3 32.Rxd3 Rhxh3+  0-1

[Event "Sozina Open"]
[Site "Bar SCG"]
[Date "2006.03.23"]
[Round "6"]
[White "Pavlovic,Milo2"]
[Black "Damjanovic,D"]
[Result "1-0"]
[WhiteElo "2426"]
[BlackElo "2290"]

1.d4 d5 2.c4 c6 3.Nc3 Nf6 4.Nf3 dxc4 5.a4 Bf5 6.Ne5 e6 7.f3 Bb4 8.e4 Bxe4
9.fxe4 Nxe4 10.Bd2 Qxd4 11.Nxe4 Qxe4+ 12.Qe2 Bxd2+ 13.Kxd2 Qd5+ 14.Kc2 Na6
15.Nxc4 b5 16.axb5 Nb4+ 17.Kc3 cxb5 18.Rd1 Qc5 19.Qe5 Nd5+ 20.Rxd5 b4+ 21.Kb3 Qxd5
22.Qxd5 exd5 23.Na5 O-O 24.Be2 Rfe8 25.Bf3 Re3+ 26.Ka4 Rd3 27.Nc6 Kf8 28.Kxb4 a5+
29.Ka4 Rd2 30.Rb1 g5 31.Kb3 Rd3+ 32.Ka2 f5 33.h3 Rd2 34.Kb3 Rd3+ 35.Ka4 Rd2
36.Kb5 a4 37.Kc5 a3 38.bxa3 Rxa3 39.Bxd5 Rc3+ 40.Kd6 Rcd3 41.Rb8+ Kg7 42.Rg8+ Kh6
43.Ne7 Kh5 44.Rg7 h6 45.Ke5 Rxd5+ 46.Nxd5 Rxg2 47.Nf4+  1-0

[Event "Sozina Open"]
[Site "Bar SCG"]
[Date "2006.03.25"]
[Round "8"]
[White "Tratar,M"]
[Black "Raicevic,M"]
[Result "1-0"]
[WhiteElo "2466"]
[BlackElo "2348"]

1.Nf3 d5 2.d4 Nf6 3.c4 c6 4.Nc3 dxc4 5.a4 Bf5 6.e3 e6 7.Bxc4 Bb4 8.O-O O-O
9.Qe2 Bg4 10.h3 Bh5 11.Rd1 Nbd7 12.e4 Qe7 13.e5 Nd5 14.Ne4 f5 15.exf6 N7xf6
16.Ng3 Rae8 17.Nxh5 Nxh5 18.g3 Nhf6 19.Ne5 Nd7 20.Kg2 Nxe5 21.dxe5 Rf7 22.h4 Qc7
23.h5 Qb6 24.f4 Bc5 25.Qe4 Qb4 26.Qc2 Ne3+ 27.Bxe3 Bxe3 28.Bd3 Ref8 29.Bxh7+ Kh8
30.Rf1 Rd7 31.Rad1 Rfd8 32.Rxd7 Rxd7 33.Bd3 Bb6 34.b3 Qd4 35.Bc4 Qe3 36.Rd1 Rxd1
37.Qxd1 Qe4+ 38.Kh3 Qf5+ 39.Qg4 Qb1 40.Qxe6 Qh1+ 41.Kg4 Qd1+ 42.Kg5 Bd8+
43.Kg6 Qc2+ 44.f5  1-0

[Event "Torre ENTEL PCS"]
[Site "Santiago CHI"]
[Date "2006.03.25"]
[Round "4"]
[White "Cordova,Em"]
[Black "Felgaer,R"]
[Result "0-1"]
[WhiteElo "2440"]
[BlackElo "2607"]

1.d4 d5 2.Nf3 Nf6 3.c4 c6 4.Nc3 dxc4 5.a4 Bf5 6.Ne5 Na6 7.f3 Nd7 8.e4 Nxe5
9.dxe5 Be6 10.Qxd8+ Rxd8 11.a5 g6 12.Ra4 Bg7 13.Be3 Bxe5 14.Bxc4 Bxc4 15.Rxc4 Bb8
16.Ke2 f6 17.Na4 Kf7 18.h4 Bd6 19.Nc3 Bb4 20.Ra1 Ra8 21.e5 f5 22.Ra4 Bxc3
23.bxc3 Ke6 24.Ra1 c5 25.Rb1 Kd5 26.Ra4 Kc6 27.h5 Nc7 28.Rh1 Ne6 29.g4 Kd5
30.Ra2 f4 31.Bf2 b5 32.Rd2+ Kc6 33.Rhd1 Rad8 34.Rxd8 Rxd8 35.Rxd8 Nxd8 36.Bh4 Kd5
37.hxg6 hxg6 38.Bxe7 Nc6 39.Bg5 Kxe5 40.a6 Nb8 41.Bd8 Nxa6 42.Kd3 c4+ 43.Kc2 Kd5
44.Bg5 Ke5 45.Bd8 Nc5 46.Bc7+ Kd5 47.Bxf4 Nd3 48.Be3 Ne1+ 49.Kd1 Nxf3 50.Bxa7 Ke4
51.Ke2 Ne5 52.g5 Nf7 53.Be3 Kf5 54.Bc1 Nxg5 55.Ke3 Ne4 56.Kd4 g5 57.Be3 g4
58.Bc1 g3 59.Be3 g2  0-1

[Event "FSIM April"]
[Site "Budapest HUN"]
[Date "2006.04.01"]
[Round "1"]
[White "Solomons,D"]
[Black "Arngrimsson,D"]
[Result "0-1"]
[WhiteElo "2226"]
[BlackElo "2298"]

1.d4 d5 2.Nf3 Nf6 3.c4 c6 4.Nc3 dxc4 5.a4 Bf5 6.e3 e6 7.Bxc4 Bb4 8.O-O O-O
9.h3 Nbd7 10.Nh4 Ne4 11.Nxf5 exf5 12.Nxe4 fxe4 13.f3 exf3 14.Qxf3 Kh8 15.b3 Qe7
16.Ra2 f5 17.Raf2 Rae8 18.Bd3 Qd6 19.Qf4 g6 20.Qh6 Ba3 21.Bd2 Bb4 22.Bc1 Ba3
23.Bd2 Nc5 24.Bc2 Ne4 25.Bxe4 Rxe4 26.Rf4 Rfe8 27.d5 Kg8 28.Rxe4 Rxe4 29.Bc3 Qf8
30.Qxf8+ Bxf8 31.dxc6 bxc6 32.Bd2 Kf7 33.Rc1 c5 34.Rc4 Ke6 35.Kf2 Kd5 36.Rc3 c4
37.bxc4+ Rxc4 38.Rd3+ Ke4 39.Rd8 Bc5 40.a5 f4 41.Re8+ Kd3 42.Rd8+ Kc2 43.Kf3 fxe3
44.Bxe3 Rc3 45.Re8 Kb3 46.Ke2 Rxe3+ 47.Rxe3+ Bxe3 48.Kxe3 Kb4 49.Kd4 Kxa5
50.Kc5 g5 51.g3 h5 52.g4 h4 53.Kc4 Kb6 54.Kb4 a5+ 55.Ka4 Kc5  0-1

[Event "32nd ch-IND w"]
[Site "Visakhapatnam IND"]
[Date "2006.04.03"]
[Round "1"]
[White "Swati,M"]
[Black "Nimmy,A"]
[Result "0-1"]
[WhiteElo "2160"]
[BlackElo "2123"]

1.d4 d5 2.c4 c6 3.Nf3 Nf6 4.Nc3 dxc4 5.a4 Bf5 6.Ne5 Na6 7.e3 Nb4 8.Bxc4 e6
9.O-O Be7 10.Qe2 O-O 11.e4 Bg6 12.Rd1 a5 13.Bg5 Nd7 14.Bxe7 Qxe7 15.Nxd7 Qxd7
16.d5 exd5 17.exd5 Qf5 18.Bb3 Rfe8 19.Qf1 h6 20.dxc6 bxc6 21.Rd2 Rad8 22.Rxd8 Rxd8
23.Rd1 Re8 24.Re1 Rb8 25.h3 Qf6 26.Re3 Qd4 27.Qc4 Qd2 28.Re2 Qc1+ 29.Nd1 Qg5
30.Re3 Nd5 31.Rg3 Qd2 32.Kh2 Rb6 33.Qg4 Ne7 34.Qc4 Kh7 35.Qc3 Qd6 36.Bc2 Nd5
37.Bxg6+ fxg6 38.Qxa5 h5 39.h4 Qf4 40.Kh3 Rb4 41.Qd8 Nf6 42.Kh2 Qxh4+ 43.Rh3 Ng4+  0-1

[Event "ch-VIE"]
[Site "Cao Lanh Dong Thap VIE"]
[Date "2006.04.05"]
[Round "4"]
[White "Bui Vinh"]
[Black "Nguyen Anh Dung"]
[Result "1/2-1/2"]
[WhiteElo "2475"]
[BlackElo "2542"]

1.d4 d5 2.c4 c6 3.Nf3 Nf6 4.Nc3 dxc4 5.a4 Bf5 6.e3 e6 7.Bxc4 Nbd7 8.O-O Bb4
9.Qe2 Bg6 10.Rd1 O-O 11.Ne5  1/2-1/2

[Event "ch-VIE"]
[Site "Cao Lanh Dong Thap VIE"]
[Date "2006.04.06"]
[Round "6"]
[White "Nguyen Ngoc Truongson"]
[Black "Ngo Ngoc Quang"]
[Result "0-1"]
[WhiteElo "2555"]
[BlackElo "2278"]

1.d4 d5 2.c4 c6 3.Nf3 Nf6 4.Nc3 dxc4 5.a4 Bf5 6.Ne5 Nbd7 7.Nxc4 Qc7 8.Bg5 e5
9.e3 exd4 10.exd4 Bb4 11.Bd3 Bxd3 12.Qxd3 O-O 13.O-O Rfe8 14.Bh4 Re6 15.Bg3 Qd8
16.Rad1 Nb6 17.Be5 Bxc3 18.Nxb6 axb6 19.bxc3 Rxa4 20.c4 h6 21.f4 Nd7 22.d5 Nc5
23.Qg3 Rg6 24.dxc6 Qc8 25.c7 Ra8 26.Qf3 Rc6 27.Rfe1 Qf8 28.f5 Na6 29.Qg3 Nxc7
30.Bd6 Qc8 31.f6 g6 32.Re7 Ne8 33.Qxg6+ fxg6 34.f7+ Kf8 35.Bb4 Nd6 36.Rxd6 Kxe7  0-1

[Event "43rd ch-IND"]
[Site "Visakhapatnam IND"]
[Date "2006.04.06"]
[Round "6"]
[White "Ravi,L"]
[Black "Roy Chowdhury,S"]
[Result "0-1"]
[WhiteElo "2423"]
[BlackElo "2393"]

1.d4 d5 2.Nf3 c6 3.c4 Nf6 4.Nc3 dxc4 5.a4 Bf5 6.Ne5 Nbd7 7.Nxc4 Qc7 8.g3 e5
9.dxe5 Nxe5 10.Bf4 Nfd7 11.Bg2 f6 12.O-O Nc5 13.Ne3 Bg6 14.b4 Ne6 15.Qb3 Bf7
16.Qb1 Be7 17.b5 O-O 18.Nf5 Kh8 19.Nxe7 Qxe7 20.Bxe5 fxe5 21.bxc6 bxc6 22.e3 Nc5
23.Ne4 Nb3 24.Ra2 Rab8 25.Qc2 c5 26.h4 Rfd8 27.Rd1 c4 28.Ng5 Bg8 29.Rxd8 Rxd8
30.Ne4 Qd7 31.Qc3 Qe7 32.Kh2 Rd3 33.Qe1 Bd5 34.Rc2 h6 35.Qe2 Qd7 36.Qh5 Qe7
37.Qf5 Na5 38.Qc8+ Kh7 39.Qf5+ Kh8 40.h5 Bg8 41.Nc3 Bh7 42.Qg4 Qd7 43.Qf3 Qe8
44.Qg4 Qd7 45.Qf3 Qe7 46.Rc1 Rd8 47.Qg4 Qa3 48.Rd1 Rf8 49.Rd7 Rg8 50.Bd5 Qf8
51.Rf7 Qb8 52.Kg2 Qc8 53.Rd7 Qf8 54.Rxa7 Bf5 55.Qd1 Qc5 56.Bxg8 Qxa7 57.Qd8 Qd7
58.Qxa5 Kxg8 59.Qxe5 Qf7 60.e4 Bg4 61.Qd5 Be6 62.Qe5 Bg4 63.f4 Kh7 64.Qd5 Be6
65.Qc5 Qd7 66.Qe3 Bf7 67.e5 Be6 68.Kf2 Bf5 69.Ke1 Qe8 70.Qf3 Qe7 71.Kf2 Bd3
72.Qe3 Qb7 73.Qd4 Qh1  0-1

[Event "V Open"]
[Site "Dos Hermanas ESP"]
[Date "2006.04.07"]
[Round "9"]
[White "Cheparinov,I"]
[Black "Handke,F"]
[Result "0-1"]
[WhiteElo "2625"]
[BlackElo "2474"]

1.d4 d5 2.c4 c6 3.Nf3 Nf6 4.Nc3 dxc4 5.a4 Bf5 6.Ne5 Nbd7 7.Nxc4 Nb6 8.Ne5 a5
9.e3 h6 10.g4 Bh7 11.h4 Nfd7 12.Nxd7 Nxd7 13.Qb3 Qc7 14.Bd2 e5 15.Rc1 Bb4
16.Bg2 Qd6 17.O-O O-O 18.Rcd1 Qe7 19.Be1 exd4 20.exd4 Qxh4 21.f3 Qg5 22.Bg3 Rfe8
23.Ne4 Qd5 24.Qxd5 cxd5 25.Nd6 Re2 26.Rc1 Rxb2 27.Rc7 Bxd6 28.Bxd6 Nb6 29.Re1 Nc4
30.Bg3 Rb1 31.Rxb1 Bxb1 32.f4 Ne3 33.Bf3 Be4 34.Be2 b6 35.f5 h5 36.gxh5 Nxf5
37.Bf2 Re8 38.Bg4 Nh6 39.Bd7 Re7 40.Bg3 Bf5 41.Bc6 Re3 42.Bf4 Re4 43.Bxh6 gxh6
44.Bxd5 Rxd4 45.Bxf7+ Kf8 46.Bb3 Bd7 47.Rb7 Rd6 48.Kf2 Ke7 49.Rb8 Be8 50.Ke3 Bxh5
51.Ke4 Be8 52.Ke5 Rg6 53.Rb7+ Bd7 54.Bc4 Kd8 55.Bb5 Bxb5 56.axb5 Kc8 57.Rh7 a4
58.Rh8+ Kd7 59.Rh7+ Ke8 60.Ra7 h5 61.Rxa4 Rh6 62.Ra8+ Kd7 63.Kf5 Rd6 64.Ke5 Re6+
65.Kf5 Re1 66.Rb8 Kc7 67.Rh8 Kd6 68.Kf4 Rf1+ 69.Ke4 Re1+ 70.Kf4 Kc5 71.Rxh5+ Kc4
72.Kf3 Kb4 73.Rg5 Ka5 74.Rg2 Kxb5 75.Rb2+ Kc5 76.Rc2+ Kd5 77.Rb2 Re6 78.Kf4 Kc4
79.Kf5 Rh6 80.Rb1 b5 81.Rc1+ Kb3 82.Ke4 b4 83.Kd4 Kb2 84.Rg1 Rc6 85.Rg2+ Rc2
86.Rg8 b3 87.Ke5  0-1

[Event "43rd ch-IND"]
[Site "Visakhapatnam IND"]
[Date "2006.04.10"]
[Round "12"]
[White "Kunte,A"]
[Black "Sriram,J"]
[Result "1/2-1/2"]
[WhiteElo "2551"]
[BlackElo "2444"]

1.d4 d5 2.c4 c6 3.Nc3 Nf6 4.Nf3 dxc4 5.a4 Bf5 6.Ne5 Nbd7 7.Nxc4 Qc7 8.g3 e5
9.dxe5 Nxe5 10.Bf4 Nfd7 11.Bg2 g5 12.Bxe5 Nxe5 13.Qd4 f6 14.O-O-O Be7 15.Ne3 Be6
16.f4 gxf4 17.gxf4 Nd7 18.Nc2  1/2-1/2

[Event "43rd ch-IND"]
[Site "Visakhapatnam IND"]
[Date "2006.04.12"]
[Round "14"]
[White "Gupta,Ab"]
[Black "Sriram,J"]
[Result "1/2-1/2"]
[WhiteElo "2434"]
[BlackElo "2444"]

1.d4 d5 2.c4 c6 3.Nc3 Nf6 4.Nf3 dxc4 5.a4 Bf5 6.Ne5 e6 7.f3 Bb4 8.g4 Nd5
9.Qd2 f6 10.Nxc4 Bg6 11.e4 Nc7 12.Ne3 O-O 13.Nc2 Be7 14.Bc4 Kh8 15.O-O f5
16.gxf5 exf5 17.Qg2 Nd7 18.Bf4 Nf6 19.Rad1 Qd7 20.Ne3 fxe4 21.fxe4 Bb4 22.Be5 Bxc3
23.Bxf6 gxf6 24.bxc3 Bh5 25.Rd2 Rg8  1/2-1/2

[Event "KB Bank"]
[Site "Reykjavik ISL"]
[Date "2006.04.13"]
[Round "2"]
[White "Thorfinnsson,Bj"]
[Black "Halldorsson,Br"]
[Result "1-0"]
[WhiteElo "2311"]
[BlackElo "2211"]

1.d4 c6 2.c4 d5 3.Nf3 Nf6 4.Nc3 dxc4 5.a4 Bf5 6.Ne5 Na6 7.f3 Nd7 8.Nxc4 e5
9.e4 exd4 10.Ne2 Be6 11.Nxd4 Bb4+ 12.Kf2 O-O 13.Be3 Bxc4 14.Bxc4 Nac5 15.Qc2 Qh4+
16.g3 Qf6 17.Nf5 Ne6 18.f4 Bc5 19.Bxc5 Ndxc5 20.e5 Qd8 21.Rhd1 Qb6 22.Kg2 a5
23.Nd6 Qb4 24.f5 b5 25.fxe6 bxc4 26.e7 Rfb8 27.Qf2 Nd3 28.Qxf7+ Kh8 29.Rf1 Qxb2+
30.Kh3  1-0

[Event "KB Bank"]
[Site "Reykjavik ISL"]
[Date "2006.04.13"]
[Round "3"]
[White "Johannesson,I"]
[Black "Shaw,J"]
[Result "0-1"]
[WhiteElo "2269"]
[BlackElo "2439"]

1.d4 d5 2.c4 c6 3.Nf3 Nf6 4.Nc3 dxc4 5.a4 Bf5 6.Ne5 Na6 7.e3 Nb4 8.Bxc4 e6
9.O-O Bd6 10.Qe2 Nc2 11.Rb1 Nd5 12.Nd3 Na3 13.Bxd5 Nxb1 14.Ba2 Nxc3 15.bxc3 Bxd3
16.Qxd3 O-O 17.f4 Qa5 18.Bb3 b5 19.axb5 cxb5 20.h4 Rac8 21.Bd2 Qb6 22.h5 Rc7
23.f5 exf5 24.Rxf5 a6 25.e4 Ba3 26.e5 Bb2 27.Qg3 Kh8 28.e6 f6 29.h6 b4 30.Bf4 Rb7
31.Bd6 Re8 32.Rxf6 Bxc3 33.Rf7 Bxd4+ 34.Kh1 Rxf7 35.exf7 Rd8 36.Ba4 Rf8 37.hxg7+ Bxg7
38.Bxf8 Qh6+ 39.Kg1 Bd4+ 40.Kf1 Qxf8 41.Bb3 Bg7 42.Qd3 a5 43.Qf5 Bh6 44.Ke2 Qe7+
45.Kf1 Kg7 46.Qxa5 Qf6+ 47.Ke1 Qc3+ 48.Ke2 Qb2+ 49.Ke1 Qxb3 50.Qe5+ Kxf7
51.Qh5+ Kg7 52.Qe5+ Kg8 53.Qb8+ Bf8 54.Qg3+ Qxg3+  0-1

[Event "10th Neckar Open A"]
[Site "Deizisau GER"]
[Date "2006.04.14"]
[Round "2"]
[White "Halkias,S"]
[Black "Behm,S"]
[Result "1-0"]
[WhiteElo "2528"]
[BlackElo "2243"]

1.d4 d5 2.c4 c6 3.Nc3 Nf6 4.Nf3 dxc4 5.a4 Bf5 6.Ne5 Nbd7 7.Nxc4 Qc7 8.g3 e5
9.dxe5 Nxe5 10.Bf4 Nfd7 11.Bg2 g5 12.Bxe5 Nxe5 13.Qd4 Nxc4 14.Qxh8 O-O-O
15.Qf6 Qd7 16.Rd1 Be7 17.Rxd7 Bxf6 18.Rxf7 Rd6 19.O-O Nxb2 20.a5  1-0

[Event "10th Neckar Open A"]
[Site "Deizisau GER"]
[Date "2006.04.14"]
[Round "3"]
[White "Kekelidze,M"]
[Black "Pitl,G"]
[Result "0-1"]
[WhiteElo "2520"]
[BlackElo "2360"]

1.d4 d5 2.Nf3 Nf6 3.c4 c6 4.Nc3 dxc4 5.a4 Bf5 6.Ne5 Nbd7 7.Nxc4 Qc7 8.Qd2 Nb6
9.Ne5 e6 10.f3 Rd8 11.e4 Bg6 12.Qf2 Nbd7 13.Bf4 Nxe5 14.Bxe5 Qa5 15.Bc4 Nd7
16.Bf4 Bb4 17.Ke2 O-O 18.h4 Nb6 19.Bd3 f5 20.h5 fxe4 21.Nxe4 Bxe4 22.fxe4 e5
23.dxe5 Rxd3 24.Kxd3 Qa6+ 25.Kc2 Qc4+ 26.Kb1 Qxe4+ 27.Qc2 Rxf4 28.a5 Nd5
29.a6 b6 30.Rc1 Bc5 31.g3 Nb4 32.Qxe4 Rxe4 33.Ra3 Rxe5 34.Rh1 h6 35.Kc1 Be7
36.Kd1 c5 37.Rf3 c4 38.b3 cxb3 39.Rxb3 Nxa6 40.Rh2 Nb4 41.Rc3 Bc5 42.Rh4 a5
43.Rcc4 Nd5 44.Kd2 Ne3 45.Rc1 Nf5  0-1

[Event "KB Bank"]
[Site "Reykjavik ISL"]
[Date "2006.04.14"]
[Round "4"]
[White "Buckley,G"]
[Black "Halldorsson,Br"]
[Result "1-0"]
[WhiteElo "2398"]
[BlackElo "2211"]

1.d4 c6 2.c4 d5 3.Nf3 Nf6 4.Nc3 dxc4 5.a4 Bf5 6.Ne5 Na6 7.e3 e6 8.Bxc4 Nb4
9.O-O Bd6 10.Qe2 Nbd5 11.Bd2 Qc7 12.Rae1 h6 13.Nf3 a6 14.Bd3 Nxc3 15.Bxc3 Ne4
16.h3 O-O 17.Qc2 Nxc3 18.bxc3 Bxd3 19.Qxd3 c5 20.Rb1 c4 21.Qe4 Rab8 22.Rb2 b5
23.axb5 Rxb5 24.Ra2 Ra5 25.Rxa5 Qxa5 26.Qc6 Qd5 27.Qa4 Rc8 28.Ra1 Rc6 29.Rb1 f5
30.Nd2 e5 31.Nf3 e4 32.Nd2 f4 33.Qc2 a5 34.exf4 a4 35.Qxa4 Bxf4 36.Rb5 Qf7
37.Qa8+ Kh7 38.Qxc6  1-0

[Event "32nd ch-IND w"]
[Site "Visakhapatnam IND"]
[Date "2006.04.14"]
[Round "14"]
[White "Gokhale,A"]
[Black "Supriya,M"]
[Result "0-1"]
[WhiteElo "2198"]
[BlackElo "2085"]

1.d4 d5 2.c4 c6 3.Nc3 Nf6 4.Nf3 dxc4 5.a4 Bf5 6.Nh4 Be6 7.e4 g6 8.Nf3 Bg7
9.Ng5 Qd7 10.Be2 Na6 11.O-O Nb4 12.Nxe6 Qxe6 13.e5 Nfd5 14.Ne4 Qf5 15.Nc5 b6
16.Bg4 Qc2 17.Bd7+ Kd8 18.Qf3 Kc7 19.Bg5 bxc5 20.Qxf7 Kxd7 21.e6+ Kd8 22.Qxg7 Re8
23.Qe5 Kc8 24.Rac1 Qf5 25.Qg3 c3 26.bxc3 Nd3 27.Rcd1 c4 28.Bd2 Qxe6 29.Rb1 Qd6
30.Qh3+ Kc7 31.f4 Rf8 32.Qxh7 Rh8 33.Qg7 Rag8 34.Qf7 Qf6 35.Qxf6 exf6 36.f5 g5
37.Be1 Nxe1 38.Rfxe1 Re8  0-1

[Event "KB Bank"]
[Site "Reykjavik ISL"]
[Date "2006.04.15"]
[Round "6"]
[White "Thorfinnsson,Bj"]
[Black "Shaw,J"]
[Result "0-1"]
[WhiteElo "2311"]
[BlackElo "2439"]

1.d4 d5 2.c4 c6 3.Nf3 Nf6 4.Nc3 dxc4 5.a4 Bf5 6.Ne5 e6 7.e3 Nbd7 8.Nxc4 Bb4
9.a5 O-O 10.Qb3 Qe7 11.Ra4 c5 12.Be2 Be4 13.Bf3 Bxf3 14.gxf3 b5 15.Rxb4 cxb4
16.Nxb5 e5 17.Bd2 Rab8 18.Bxb4 Rxb5 19.Bxe7 Rxb3 20.Bxf8 Kxf8 21.dxe5 Rb4
22.exf6 Rxc4 23.fxg7+ Kxg7 24.Kd2 Ra4 25.b4 Rxb4 26.Rc1 Rb2+ 27.Kd3 Ra2  0-1

[Event "KB Bank"]
[Site "Reykjavik ISL"]
[Date "2006.04.16"]
[Round "8"]
[White "Buckley,G"]
[Black "Shaw,J"]
[Result "0-1"]
[WhiteElo "2398"]
[BlackElo "2439"]

1.d4 d5 2.c4 c6 3.Nf3 Nf6 4.Nc3 dxc4 5.a4 Bf5 6.Ne5 e6 7.f3 c5 8.e4 Bg6 9.Bxc4 cxd4
10.Bb5+ Nfd7 11.Qxd4 a6 12.Bxd7+ Nxd7 13.Qxd7+ Qxd7 14.Nxd7 Kxd7 15.Be3 Bb4
16.Kf2 Rhc8 17.h4 h5 18.Rhd1+ Ke7 19.a5 f6 20.Ra4 Bxc3 21.bxc3 Be8 22.Rb4 Bb5
23.Rc1 Rd8 24.e5 Rac8 25.c4 Bc6 26.Bc5+ Kf7 27.Bd6 fxe5 28.c5 e4 29.fxe4 Bxe4
30.Re1 Bd5 31.Rf4+ Kg6 32.Re5 Rd7 33.Ke3 Kh6 34.g3 g6 35.Rg5 Bb3 36.Rf2 Kh7
37.g4 Bd1 38.gxh5 Bxh5 39.Kd4 Kg7 40.Rg3 e5+ 41.Kd5 Re8 42.Rc3 Bg4 43.Kc4 e4
44.Kd4 Bf3 45.Rb2 Kh6 46.Rcb3 Ree7 47.Ke3 Rf7 48.Rh2 Kh5 49.Rb1 Bg4 50.Rg1 Rf3+
51.Kxe4 Ra3 52.Ke5 Rf7 53.Rhg2 Rf5+ 54.Kd4 Rxa5 55.Re1 Rf3 56.Be7 Ra4+ 57.Ke5 Rf5+
58.Kd6 Rd4+ 59.Kc7 Rf7 60.Re5+ Bf5 61.Kxb7 Rd7+ 62.Kxa6 Rfxe7 63.Rxe7 Rxe7
64.Rh2 Re4 65.c6 Rxh4 66.Rd2 Rc4 67.Kb6 Be4 68.c7 Bf5 69.Rd5 Kg4 70.Rd1 g5
71.Rg1+ Kh5 72.Rf1 Kg6 73.Rd1 g4  0-1

[Event "KB Bank"]
[Site "Reykjavik ISL"]
[Date "2006.04.17"]
[Round "9"]
[White "Thorfinnsson,Bj"]
[Black "Gretarsson,Hj"]
[Result "1-0"]
[WhiteElo "2311"]
[BlackElo "2087"]

1.d4 d5 2.c4 c6 3.Nf3 Nf6 4.Nc3 dxc4 5.a4 Bf5 6.Ne5 Nbd7 7.Nxc4 Nb6 8.Ne5 a5
9.e3 Nfd7 10.Bd3 Bg6 11.e4 Nxe5 12.dxe5 Nd7 13.Bf4 e6 14.Qc2 Qb8 15.Bg3 Nxe5
16.Be2 Bd6 17.O-O-O Ke7 18.f4 Nd7 19.Rxd6 Qxd6 20.Rd1 Qc5 21.f5 Qe3+ 22.Kb1 e5
23.fxg6 hxg6 24.Qb3 Nb6 25.Rf1 f6 26.Bf2  1-0

[Event "Spring NAm IMC"]
[Site "Schaumburg USA"]
[Date "2006.04.21"]
[Round "7"]
[White "Karagianis,P"]
[Black "Pasalic,M"]
[Result "0-1"]
[WhiteElo "2226"]
[BlackElo "2363"]

1.d4 d5 2.c4 c6 3.Nf3 Nf6 4.Nc3 dxc4 5.a4 Bf5 6.Ne5 Nbd7 7.Nxc4 Nb6 8.Ne5 a5
9.g3 e6 10.Bg2 Bb4 11.O-O O-O 12.Re1 h6 13.e4 Bh7 14.Bf4 Qe7 15.Qe2 Rfd8
16.Nc4 Nxc4 17.Qxc4 Rac8 18.Rad1 Nd7 19.Qb3 Bg6 20.h3 f6 21.Be3 Bf7 22.Re2 e5
23.d5 Nc5 24.Qc2 Bh5 25.g4 Bf7 26.Red2 Qe8 27.Bf1 Kh8 28.dxc6 bxc6 29.Rxd8 Rxd8
30.Rxd8 Qxd8 31.Bxc5 Bxc5 32.Ne2 Qb6 33.Ng3 Bd4 34.Nf5 Bb3 35.Qd2 Kh7 36.g5 fxg5
37.Qe2 Bf7 38.Qf3 Be6 39.Ne7 Qxb2 40.Nxc6 Qc3 41.Qxc3 Bxc3 42.Kg2 Kg6 43.Kf3 Kf6
44.Ke3 Bd7 45.Bb5 Bxh3 46.Kd3 Bb4 47.Nxb4 axb4 48.a5 Bf1+  0-1

[Event "XXIV Open"]
[Site "Metz FRA"]
[Date "2006.04.22"]
[Round "1"]
[White "Shchekachev,A"]
[Black "Heyman,J"]
[Result "1-0"]
[WhiteElo "2592"]
[BlackElo "1948"]

1.Nf3 d5 2.d4 Nf6 3.c4 c6 4.Nc3 dxc4 5.a4 Bf5 6.e3 e6 7.Bxc4 Bb4 8.O-O Nbd7
9.Qe2 O-O 10.e4 Bg6 11.Bd3 Re8 12.Bf4 a5 13.h3 Nb6 14.Rfd1 Nfd7 15.Bc2 Qe7
16.Na2 Bd6 17.Bxd6 Qxd6 18.e5 Qe7 19.Bxg6 fxg6 20.Nc3 Rf8 21.Ne1 h6 22.Nd3 Qf7
23.Ne4 Nc8 24.Ra3 Kh7 25.Ndc5 Ra7 26.Rf3 Qe7 27.Nxd7 Rxf3 28.Qxf3 Qxd7 29.Nc5 Qe8
30.Qb3 b6 31.Nxe6 Qf7 32.d5 cxd5 33.Qxd5 Re7 34.Nd8 Qxd5 35.Rxd5 Rc7 36.Ne6  1-0

[Event "TCh-HUN 2005-6"]
[Site "Hungary HUN"]
[Date "2006.04.23"]
[Round "11"]
[White "Stohl,I"]
[Black "Jakab,A"]
[Result "1/2-1/2"]
[WhiteElo "2538"]
[BlackElo "2414"]

1.Nf3 d5 2.d4 Nf6 3.c4 c6 4.Nc3 dxc4 5.a4 Bf5 6.Ne5 Nbd7 7.Nxc4 Nb6 8.Ne5 a5
9.f3 Nfd7 10.Nxd7 Nxd7 11.e4 Bg6 12.d5 e6 13.dxe6 fxe6 14.Bc4 Qh4+ 15.g3 Qh3
16.Qe2 Ne5 17.Bf4 Nxc4 18.Qxc4 Bf7 19.Qf1 Qh5 20.Qf2 Bc5 21.Be3 Bb4  1/2-1/2

[Event "Classics GMA"]
[Site "Gausdal NOR"]
[Date "2006.04.25"]
[Round "3"]
[White "Kveinys,A"]
[Black "Kulaots,K"]
[Result "1/2-1/2"]
[WhiteElo "2532"]
[BlackElo "2557"]

1.Nf3 Nf6 2.d4 d5 3.c4 c6 4.Nc3 dxc4 5.a4 Bf5 6.Ne5 Nbd7 7.Nxc4 Qc7 8.g3 e5
9.dxe5 Nxe5 10.Bf4 Nfd7 11.Bg2  1/2-1/2

[Event "VII TCh-RUS w"]
[Site "Sochi RUS"]
[Date "2006.04.26"]
[Round "7"]
[White "Andreeva,A"]
[Black "Nebolsina,V"]
[Result "0-1"]
[WhiteElo "2028"]
[BlackElo "2274"]

1.d4 d5 2.c4 c6 3.Nf3 Nf6 4.Nc3 dxc4 5.a4 Bf5 6.e3 e6 7.Bxc4 Bb4 8.O-O O-O
9.Qe2 Ne4 10.Nxe4 Bxe4 11.Rd1 Nd7 12.Bd2 Bd6 13.Bc3 Qe7 14.Bd3 f5 15.Ne5 Bxe5
16.dxe5 Bd5 17.e4 fxe4 18.Bxe4 Rf4 19.Bxd5 exd5 20.Rd3 Re8 21.g3 Re4 22.Re3 Rxe3
23.Qxe3 Nxe5 24.Re1 d4 25.Qxe5 Qxe5 26.Rxe5 Rxe5 27.Bxd4 Ra5 28.b3 c5 29.Be3 c4
30.bxc4 Rxa4 31.c5 Ra1+ 32.Kg2 a5 33.Bd4 Rb1  0-1

[Event "2nd Halkidiki Open"]
[Site "Kalithea GRE"]
[Date "2006.04.27"]
[Round "4"]
[White "Tsekouras,T"]
[Black "Giakoustidis,S"]
[Result "1-0"]
[WhiteElo "2248"]
[BlackElo "1977"]

1.d4 d5 2.c4 c6 3.Nc3 Nf6 4.Nf3 dxc4 5.a4 Bf5 6.e3 e6 7.Bxc4 Bb4 8.O-O Nbd7
9.Qe2 Bg6 10.Rd1 O-O 11.Ne5 Nxe5 12.dxe5 Nd5 13.e4 Qc7 14.exd5 cxd5 15.Bd3 Bxc3
16.bxc3 Qxc3 17.Bb2 Qa5 18.Bxg6 hxg6 19.Rd4 Rfc8 20.Rad1 Rc6 21.Qf3 Rac8
22.Rf4 Rc2 23.Qb3 Re2 24.g3 b6 25.Bd4 Rc4 26.Be3 Rec2 27.Qb5 Qxb5 28.axb5 Rxf4
29.Bxf4 Rb2 30.Ra1 Rxb5 31.Rxa7 Rb4 32.Ra8+ Kh7 33.Rf8 Re4 34.Rxf7 g5 35.Bd2 d4
36.Rb7 Kg6 37.Rxb6 Kf5 38.Kf1 g4 39.Rb5 Rxe5 40.Rxe5+ Kxe5 41.Ke2 Ke4 42.Bg5 g6
43.Bd8 e5 44.Bc7 d3+ 45.Kd2 Kf3 46.Kxd3 e4+ 47.Kd4 g5 48.Bb8 Kxf2 49.Kxe4  1-0